Perspektivní materiály

Salvato in:
Dettagli Bibliografici
Autori principali: Janovec, Jiří (Autore), Cejp, Jiří (Autore), Steidl, Josef (Autore)
Natura: Libro
Lingua:ceco
Pubblicazione: Praha : ČVUT, 2001
Edizione:2. přepr. vyd
Soggetti:
Accesso online:OBSAH
Tags: Aggiungi Tag
Nessun Tag, puoi essere il primo ad aggiungerne!!

MARC

LEADER 00000nam a22000003a 4500
001 stu136839
005 20150716165409.2
008 070110s2001----xr------------------cze-d
020 |a 80-01-02341-9 
040 |a STU  |b slo 
041 0 |a cze 
044 |a xr 
080 |a 620 
100 1 |a Janovec, Jiří  |4 aut 
245 1 |a Perspektivní materiály 
250 |a 2. přepr. vyd 
260 |a Praha :  |b ČVUT,  |c 2001 
300 |a 135 s 
650 7 |a konštrukčné materiály  |2 stusub 
650 7 |a materiály  |2 stusub 
650 7 |a materiálové inžinierstvo  |2 stusub 
700 1 |a Cejp, Jiří  |4 aut 
700 1 |a Steidl, Josef  |4 aut 
856 4 |a https://sweb.mtf.stuba.sk/obsahy/Perspektivni_materialy_01  |u https://sweb.mtf.stuba.sk/obsahy/Perspektivni_materialy_01  |3 OBSAH 
996 |b 284M075557  |c M*S-1309-1  |l MMST  |s A  |a 24  |w stu136839_0001